| 000 | 00657cam a2200229 4500 | ||
|---|---|---|---|
| 001 | J1819 | ||
| 008 | 090401t1952 xxu||||| |||| 00| 0 eng d | ||
| 035 | _a(Sirsi) u45607 | ||
| 041 | _aeng | ||
| 050 | _a692.209421 | ||
| 110 |
_aLondon County Council _91711 |
||
| 245 | _aLondon Building (Constructional) By-laws 1952: explanatory memorandum. | ||
| 260 |
_aLondon _bLondon County Council _c1952 |
||
| 300 | _a14p. ; 33cm. | ||
| 350 | _a0 | ||
| 650 |
_aBUILDING CONTROL _96222 |
||
| 650 | _aLONDON BUILDING (CONSTRUCTIONAL) BY-LAWS 1952 | ||
| 650 | _aLONDON | ||
| 690 | _aBUILDING AND CONSTRUCTION-REGULATIONS | ||
| 942 | _n0 | ||
| 948 | _c04/03/1997 | ||
| 999 |
_c91777 _d91777 |
||